False impression (Record no. 29958)

MARC details
000 -LEADER
fixed length control field 00474nam a2200181Ia 4500
020 ## - INTERNATIONAL STANDARD BOOK NUMBER
ISBN 9780330418829
050 ## - CALL MARK
Classification number PR 6051.R285 .F35/
100 ## - STATEMENT OF RESPONSIBILITY--MAIN AUTHOR NAME
Personal name Archer, Jeffrey
245 #0 - TITLE STATEMENT
Title False impression
260 ## - PUBLICATION, DISTRIBUTION, ETC. (IMPRINT)
Place of publication London
260 ## - PUBLICATION, DISTRIBUTION, ETC. (IMPRINT)
Name of publisher Pan Books
260 ## - PUBLICATION, DISTRIBUTION, ETC. (IMPRINT)
Year of publication 2006
300 ## - PHYSICAL DESCRIPTION
Number of Pages 450 p
650 ## - SUBJECT ADDED ENTRY--TOPICAL TERM
Topical Term Missing persons--Fiction. Art thefts--Fiction. Revenge--Fiction.
942 ## - ADDED ENTRY ELEMENTS (KOHA)
Koha item type Books
Holdings
Withdrawn status Lost status Source of classification or shelving scheme Damaged status Not for loan Permanent Location Current Location Date acquired Accession Number Price effective from Koha item type
    Library of Congress Classification     NILE UNIVERSITY OF NIGERIA - MAIN LIBRARY NILE UNIVERSITY OF NIGERIA - MAIN LIBRARY 04/23/2025 0186148 04/23/2025 Books